000 00567nam a2200205 i 4500
001 42358
003 ES-MaACL
005 20230906160610.0
007 t|
008 030313s1958 sp ||||1| spa d
100 1 _aCastillo-Navarro, José María.
_936757
245 1 4 _aLas uñas del miedo... /
_cCastillo-Navarro.
250 _a[2ª ed.].
260 _aBarcelona :
_bLuis de Caralt,
_c[1958] (
_fLinomonograph)
300 _a287 p. ;
_c20 cm.
490 1 _aGigante
830 0 _aGigante
_9181050
852 _aES-MaACL
_jC-14490
_bR.42339
999 _c42358
_d42358